Jeux Olympiques 1904 - Pays participants - Statistiques

Statistiques générales
  • Ce quiz a été pris 26 fois
  • Le résultat moyen est 11 sur 12
Réponses sur la Carte
Les réponses sont colorées sur une échelle allant du rouge au vert en fonction du pourcentage des utilisateurs qui les ont devinées à leur premier essai. Vous pouvez retrouver ces pourcentages ci-dessous.
 
Statistiques - réponses
Nombre d'athlètes Pays % Correct
01 France
100%
02 Australie
96%
43 Canada
96%
523 Etats-Unis
96%
17 Allemagne
92%
03 Royaume-Uni
92%
14 Grèce
88%
01 Suisse
88%
02 Autriche
85%
02 Afrique du Sud
77%
04 Hongrie
73%
03 Cuba
65%
Aucun quiz correspondant
Distribution des résultats
% des personnes avec chaque résultat
Percentile par nombre de réponses
Votre historique - résultats
Vous n’avez pas pris ce quiz